Medical microbiology / (Record no. 99108)
[ view plain ]
| 000 -LEADER | |
|---|---|
| fixed length control field | 00943nam a22002897a 4500 |
| 003 - CONTROL NUMBER IDENTIFIER | |
| control field | URS |
| 005 - DATE AND TIME OF LATEST TRANSACTION | |
| control field | 20260408085535.0 |
| 008 - FIXED-LENGTH DATA ELEMENTS--GENERAL INFORMATION | |
| fixed length control field | 260318b |||||||| |||| 00| 0 eng d |
| 020 ## - INTERNATIONAL STANDARD BOOK NUMBER | |
| International Standard Book Number | 978-0-44326-133-6 |
| 040 ## - CATALOGING SOURCE | |
| Language of cataloging | English |
| Description conventions | rda |
| Transcribing agency | URS |
| 050 00 - LIBRARY OF CONGRESS CALL NUMBER | |
| Classification number | QR46 |
| Item number | .M961 2026 |
| 100 1# - MAIN ENTRY--PERSONAL NAME | |
| Personal name | Murray, Patrick R., |
| Relator term | author. |
| 245 10 - TITLE STATEMENT | |
| Title | Medical microbiology / |
| Statement of responsibility, etc | Patrick R. Murray, Ken S. Rosenthal, Michael A. Pfaller. |
| 250 ## - EDITION STATEMENT | |
| Edition statement | Tenth edition. |
| 264 #1 - PUBLICATION, DISTRIBUTION, ETC. (IMPRINT) | |
| Place of publication, distribution, etc | Philadelphia, PA : |
| Name of publisher, distributor, etc | Elsevier, |
| Date of publication, distribution, etc | ©2026. |
| 300 ## - PHYSICAL DESCRIPTION | |
| Extent | xi, 882 pages : |
| Other physical details | color illustrations ; |
| Dimensions | 28 cm. |
| 336 ## - CONTENT TYPE | |
| Content type term | text |
| Content type code | txt |
| Source | rdacontent |
| 337 ## - MEDIA TYPE | |
| Media type term | unmediated |
| Media type code | n |
| Source | rdamedia |
| 338 ## - CARRIER TYPE | |
| Carrier type term | volume |
| Carrier type code | nc |
| Source | rdacarrier |
| 504 ## - BIBLIOGRAPHY, ETC. NOTE | |
| Bibliography, etc | Includes bibliographical references and index. |
| 650 #0 - SUBJECT ADDED ENTRY--TOPICAL TERM | |
| Topical term or geographic name as entry element | Microbiology. |
| 650 #0 - SUBJECT ADDED ENTRY--TOPICAL TERM | |
| Topical term or geographic name as entry element | Medical microbiology. |
| 650 #0 - SUBJECT ADDED ENTRY--TOPICAL TERM | |
| Topical term or geographic name as entry element | Parasitology. |
| 9 (RLIN) | 6747 |
| 700 ## - ADDED ENTRY--PERSONAL NAME | |
| Personal name | Rosenthal, Ken S., |
| Relator term | author. |
| 700 ## - ADDED ENTRY--PERSONAL NAME | |
| Personal name | Pfaller, Michael A., |
| Relator term | author. |
| 942 ## - ADDED ENTRY ELEMENTS (KOHA) | |
| Source of classification or shelving scheme | Library of Congress Classification |
| Koha item type | Reserved Books |
| Withdrawn status | Lost status | Source of classification or shelving scheme | Damaged status | Not for loan | Collection code | Home library | Current library | Shelving location | Date acquired | Source of acquisition | Cost, normal purchase price | Total Checkouts | Full call number | Barcode | Date last seen | Copy number | Cost, replacement price | Price effective from | Koha item type |
|---|---|---|---|---|---|---|---|---|---|---|---|---|---|---|---|---|---|---|---|
| Library of Congress Classification | Non-fiction | Taytay College Library | Taytay College Library | Medicine Collection | 03/18/2026 | Purchased | 8424.00 | QR46 .M961 2026 | URSTAY-6090 | 03/18/2026 | 1 | 8424.00 | 03/18/2026 | Reserved Books |